|
|
|
|
| LEADER |
01299nam a2200301 a 4500 |
| 001 |
31087 |
| 003 |
BD-DhAAL |
| 005 |
20211125110450.0 |
| 008 |
160510s2014 ii ||||| b||| 001 0 eng d |
| 999 |
|
|
|c 37426
|d 37426
|
| 020 |
|
|
|a 9789381308356
|
| 040 |
|
|
|a BD-DhAAL
|c BD-DhAAL
|
| 082 |
|
|
|2 22
|a 347.0954
|
| 100 |
|
|
|a Basu, P.
|9 19506
|
| 245 |
|
|
|a Basu's commentary on Limitation Act (Act No. 36 of 1963) /
|c Gunjan Rekhi and S.K.P. Sriniwas
|
| 250 |
|
|
|a Eighth edition.
|
| 260 |
|
|
|a Delhi :
|b Delhi Law House,
|c 2014
|
| 300 |
|
|
|a cxix, 934 pages :
|c 24 cm.
|
| 504 |
|
|
|a Includes index and bibliographical references.
|
| 526 |
|
|
|a SOL
|
| 541 |
|
|
|e 31087,31088
|
| 650 |
|
|
|a Limitation of actions
|z India.
|9 19507
|
| 650 |
|
|
|a Law.
|9 43130
|
| 700 |
|
|
|a Rekhi, Gunjan
|9 19508
|
| 700 |
|
|
|a Sriniwas, S.K.P.
|9 19509
|
| 942 |
|
|
|2 ddc
|c BK
|
| 952 |
|
|
|0 0
|1 0
|2 ddc
|4 0
|6 347_095400000000000_BAS
|7 0
|9 58896
|a BRACUL
|b BRACUL
|d 2016-04-27
|e Trim Education
|g 2383.00
|l 2
|m 6
|o 347.0954 BAS
|p 3010031087
|r 2020-02-26
|s 2020-01-15
|v 2383.00
|w 2016-04-27
|y BK
|
| 952 |
|
|
|0 0
|1 3
|2 ddc
|4 0
|6 347_095400000000000_BAS
|7 0
|9 58897
|a BRACUL
|b BRACUL
|d 2016-04-27
|e Trim Education
|g 2383.00
|l 2
|m 9
|o 347.0954 BAS
|p 3010031088
|r 2022-06-08
|s 2022-06-08
|t 2
|v 4766.00
|w 2016-04-27
|y BK
|x Lost and cost Paid by (ID:20209003) TRXID: 527814008671 date 05/10/2025
|